Employment guarantee: Repeal in lieu of repair (Record no. 533234)
[ view plain ]
| 000 -LEADER | |
|---|---|
| fixed length control field | 01162nam a22001337a 4500 |
| 008 - FIXED-LENGTH DATA ELEMENTS--GENERAL INFORMATION | |
| fixed length control field | 260430b ||||| |||| 00| 0 eng d |
| 100 ## - MAIN ENTRY--PERSONAL NAME | |
| Personal name | Dreze, Jean and Khera, Reetika |
| 245 ## - TITLE STATEMENT | |
| Title | Employment guarantee: Repeal in lieu of repair |
| 260 ## - PUBLICATION, DISTRIBUTION, ETC. (IMPRINT) | |
| Place of publication, distribution, etc | Economic & Political Weekly |
| 300 ## - PHYSICAL DESCRIPTION | |
| Extent | 61(15), Apr 11, 2026: p.23-26 |
| 520 ## - SUMMARY, ETC. | |
| Summary, etc | India’s National Rural Employment Guarantee Act was the outcome of a sustained deliberative process that gave it some mettle. Within a few years, the act became a lifeline for the rural poor with wide-ranging benefits. Later on, however, interlinked problems of erratic payments, centralisation, technocracy and corruption undermined the programme. The Viksit Bharat–Guarantee for Rozgar and Ajeevika Mission (Gramin) Act, rushed through Parliament last December to replace MGNREGA, defuses the employment guarantee without addressing any of these implementation issues. Perhaps the time has come for state governments to consider framing their own employment guarantee acts.-Reproduced https://www.epw.in/journal/commentary/employment-guarantee.html |
| 773 ## - HOST ITEM ENTRY | |
| Main entry heading | Economic & Political Weekly |
| 942 ## - ADDED ENTRY ELEMENTS (KOHA) | |
| Item type | Articles |
| Withdrawn status | Lost status | Source of classification or shelving scheme | Damaged status | Not for loan | Permanent location | Current location | Date acquired | Serial Enumeration / chronology | Barcode | Date last seen | Koha item type |
|---|---|---|---|---|---|---|---|---|---|---|---|
| Indian Institute of Public Administration | Indian Institute of Public Administration | 2026-04-30 | 61(15), Apr 11, 2026: p.23-26 | AR138745 | 2026-04-30 | Articles |
